000 00636nam a2200193Ia 4500
008 090124s9999 xx 000 0 und d
020 _a81-7161-939-8
082 _b42199
100 _aगवांदे राजाभाऊ
245 _a आठवणींचा मोहर
250 _a1
260 _bमेहता पब्लिशिंग हाऊस
_c2000
300 _a258
600 _aगवांदे राजाभाऊ
630 _a आठवणींचा मोहर
700 _aगवांदे राजाभाऊ
730 _a आठवणींचा मोहर
942 _cBOOK
999 _c108400
_d108400